Estado de situación del sistema de justicia penal a la entrada en vigencia del núevo código procesal penal, síntesis de aspectos fundamentales (Record no. 9542)

MARC details
000 -LEADER
campo de control de longitud fija 00451nam a2200133Ia 4500
001 - NÚMERO DE CONTROL
campo de control 145
008 - DATOS DE LONGITUD FIJA--INFORMACIÓN GENERAL
campo de control de longitud fija 241024s9999 xx 000 0 und d
082 ## - NÚMERO DE LA CLASIFICACIÓN DECIMAL DEWEY
Número de clasificación RD/345/V719e
100 ## - ENTRADA PRINCIPAL--NOMBRE DE PERSONA
Nombre de persona Carlos Villaverde Gómez
245 #0 - MENCIÓN DEL TÍTULO
Título Estado de situación del sistema de justicia penal a la entrada en vigencia del núevo código procesal penal, síntesis de aspectos fundamentales
260 ## - PUBLICACIÓN, DISTRIBUCIÓN, ETC.
Nombre del editor, distribuidor, etc. Editora Buho
Fecha de publicación, distribución, etc. 2005
901 ## - ELEMENTOS DE DATOS A LOCAL LDA (RLIN)
a 19/10/2010 3:13:45 p.m.

No items available.

© 2024. Todos los Derechos Reservados. Desarrollado por IDEICE